Quiz MARVEL DC - Statistiques

Statistiques générales
  • Ce quiz a été pris 15 fois
    13 depuis la dernière actualisation
  • Le résultat moyen est 5 sur 93
Statistiques - réponses
Hint Réponse % Correct
combien il y'as de pierres d'infinité? 6
70%
qui est le fils de batman ? damian wayne
50%
en quel année Stan Lee est t'il decedé ? 2018
40%
combien thor a eu d'apparition mcu ? 8
40%
qui est le premier robin ? dick grayson
40%
combien d'anée il y'as entre les indestructibles 1 et 2 14
30%
qui est le père de kal-el ? jor-el
30%
qui est le mechant de black panther ? killmonger
30%
qui est le neveu de barry allen? wally west
30%
combien de films dans le snyderverse ? 16
20%
quel est le souverain de la latverie ? DOOM
20%
qui est la femme d'aquaman ? mera
20%
qui est le fils de balck manta aqualad
10%
premier membre des red lantern ? atrocitus
10%
celebre mechant de peter pan capitaine crochet
10%
quel est l'ia dans spiderman far from hom ? edith
10%
mechant telepathe de flash? gorilla grodd
10%
qui est le boucher des dieux ? gorr
10%
membre elastic de la jla plastic man
10%
fils de ras al ghul? Talia
10%
en quel année est sortie cendrillon 1950
0%
le groupe de musique dans alerte rouge 4town
0%
comment s'appelle le singe d'aladdin abu
0%
qui est la femme d'arold dans dragon astrid
0%
qui est le père de nightcrawler ? azazel
0%
mechant de xmen 97 ? bastion
0%
quel est le droide de cal kestis? bd1
0%
qui est le journaliste tué apr le caid saison 1 netflix ? BEN URICH
0%
tante de luke skywalker? beru
0%
qui est armé d'un anneau noire? black hand
0%
quel est le, mechant de absolute batman tome 1 black mask
0%
qui est le personnage qui as eu une seule apparition vocale dans lES ETRNELS blade
0%
comment s'appelle le peroquet dans rio ? blue
0%
comment s'appelle le requin dans nemo bruce
0%
comment se nomme le pote de miss marvel? bruno
0%
qui est le frère de kraven ? cameleon
0%
a cause qui scarlet spider existe ? chacal
0%
restaurant dans ratatouille chez gusteau
0%
quel est la capitale de la republique? coruscant
0%
le premier projet du DCU ? créatures commando
0%
petite bête de jabba le hutt? crumb
0%
qui as inventé la regles des deux ? dark bane
0%
comment s'appelle la maitre de kanan jarrus? depa bilaba
0%
qui se fais appeler dark tyranus? dooku
0%
qui as tué superman dans bvs ? doosmday
0%
quel est le celebre chanteur mort dans coco ernesto de la cruz
0%
acteur qui joue le mechnat dans moon knight ethan hawk
0%
quel est le nom originale de sticth experience 626
0%
qui est le collgue et ami de Daredevil foggy
0%
quel est la fille de thalos? gaia
0%
prenom de sully dans monstres and cie ? jacques
0%
quel est la planete de rey ? jakku
0%
fils de deathstroke ? jericho
0%
que repond han a leia quand elle lui dit je t'aime? je sais
0%
hero principale dans soul joe gardner
0%
coéquipier d'arrow ( serie ) ? john diggle
0%
droide imperiale dans rogue one ? k2so
0%
dans quel pays vit black adam ? kahndaq
0%
quel est le green lantern qui forme tout le monde ? KILOWOG
0%
quel est le wookie present dans book of boba fett ? krsantan
0%
crystal permetant la creation d'un sabre laser? kyber
0%
han solo a gagner le faucon qui etait son predeceseur? lando calrisian
0%
loutre amie de rocket layla
0%
quel mechant des 4F vit dans les souterrain? l'homme taupe
0%
petite amie de peter dans homecoming lise
0%
d'ou vienne les minions l'ocean
0%
qui as composer les musique de la haut michael giachino
0%
qui est le fils du haut pere qui vit chez darkseid ? mister miracle
0%
quel est la planete qui fais partit du corp des lantern? mogo
0%
mechant qui as detruit coast city en comcis? mongul
0%
quel celebre mechant de wolverine voit on dans deadpool 2 en cameo ? omega red
0%
personnages principal dans gang de requin oscar
0%
quel organisation est mechante dans peacemaker ? papillon
0%
comment se nomme la chaine de restauration dans toy story pizza planet
0%
qui est le maitre jedi qui as trouvé ahsoka quand elle etait petite ? plo koon
0%
comment s'appelle le panda dans kung fu panda poe
0%
éleve de dooku? qui gon jin
0%
quel est la ville dans cars radiator springs
0%
fils de jabba le hutt ? rotta le hutt
0%
comment s'appelle la surfeuse? shallah ball
0%
le prenom du gamin mechant dans toy story sid
0%
maitre de kylo ren ? snoke
0%
qui est la fille de carmin falcon ? sofya
0%
sous quel autre nom est appeler carol ferris ? star saphire
0%
qui est le mechant de Across the spider verse? the spot
0%
dans mario apres quil passe dans le tunnel qui rencontre t'il en premier toad
0%
pere de raven triggon
0%
alex le lion offre un cadeau a marty pour son anniversaires lequel une boule de noel
0%
quel est la premiere serie disney plus marvel en 2021? WANDAVISION
0%
qui est l'enfant de wanda present dans aghata all along? wiccan
0%
qui est l'acteur qui interprete simon williams ? Yahya Abdul-Mateen II
0%
qui est le jedi qui as vecu plus de 900 ans? yoda
0%
comment s'appelle l'oiseau dans le roi lion zazou
0%
Aucun quiz correspondant
Distribution des résultats
% des personnes avec chaque résultat
Percentile par nombre de réponses
Votre historique - résultats
Vous n’avez pas pris ce quiz depuis la dernière actualisation